| 000 | 00706nam a22001937a 4500 | ||
|---|---|---|---|
| 999 |
_c61124 _d61124 |
||
| 005 | 20231221105839.0 | ||
| 008 | 231221s2002 ru ||||| |||| 00| 0 rus d | ||
| 020 | _a5945380148 | ||
| 041 | _arus | ||
| 080 | _a902(3) Г-17 | ||
| 100 |
_aГальперина, Г. А. _920828 |
||
| 245 |
_aПопулярная история археологии / _cГ.А. Гальперина, Е.В. Доброва. |
||
| 264 |
_aМ. : _bВече, _c 2002. |
||
| 300 |
_a512 с. : _b ил. ; _c21 см. |
||
| 653 | _aარქეოლოგია | ||
| 653 | _aარქეოლოგიის ისტორია | ||
| 700 |
_aДоброва, Е. В. _eავტორი _920829 |
||
| 942 |
_2udc _cᲬᲘᲒᲜᲘ |
||